Visualizzazione normale
Vista MARC
- Visconti Luchino
di Personal Name
Records bibliografici associati: 1
001 - CONTROL NUMBER
- control field: 47404
003 - CONTROL NUMBER IDENTIFIER
- control field: IT-RoPau
005 - DATE AND TIME OF LATEST TRANSACTION
- control field: 20151201085755.0
008 - FIXED-LENGTH DATA ELEMENTS
- fixed length control field: 151201|| aca||aabn | a|a d
040 ## - CATALOGING SOURCE
- Original cataloging agency: IT-RoPau
- Transcribing agency: IT-RoPau
100 ## - HEADING--PERSONAL NAME
- Personal name: Visconti Luchino
- Relator term: (regista)
- Miscellaneous information: Codice regista SPICS: 626
670 ## - SOURCE DATA FOUND
- Source citation: Work cat.: (IT-RoPau)106535: Visconti Luchino Codice regista SPICS: 626 47401, OSSESSIONE OSSESSIONE (Rif. Codice opera principale : 48398)